[Event "6th EICC"]
[Site "Warsaw POL"]
[Date "2005.06.28"]
[Round "10"]
[White "Navara,D"]
[Black "Lupulescu,C"]
[Result "1-0"]
[WhiteElo "2647"]
[BlackElo "2546"]
[EventDate "2005.06.18"]

1. c4 e6 2. d4 d5 3. Nc3 c6 4. e3 Bd6 5. Bd3 f5 6. g4 Nf6 7. gxf5 exf5 8.
Bd2 O-O 9. Nf3 Kh8 10. Qb3 dxc4 11. Bxc4 Ne4 12. Rg1 Nxd2 13. Kxd2 c5 14.
Rad1 cxd4 15. Nb5 Na6 16. Nxd6 Qxd6 17. Ke2 Nc5 18. Qa3 b5 19. Rxd4 Qb6 20.
Bd5 b4 21. Rxb4 Ba6+ 22. Bc4 Bxc4+ 23. Rxc4 Ne4 24. Rd1 Qb5 25. Qb4 Qa6 26.
Qa4 Qf6 27. Rdd4 h6 28. Qc6 Qf7 29. Qd7 Qg6 30. Kf1 Rae8 31. Rc7 Rg8 32.
Rd5 Ref8 33. Ne5 Qh5 34. Nf7+ Rxf7 35. Qxf7 Qh3+ 36. Ke1 Qxh2 37. Rxf5 Nd6
38. Qh5 Qg1+ 39. Ke2 Nxf5 40. Qxf5 Qa1 41. Rxa7 Qxb2+ 42. Kf1 Qc1+ 43. Kg2
Qc6+ 44. Qf3 Qg6+ 45. Kh2 Qd6+ 46. Qg3 Qd5 47. a4 Qh5+ 48. Kg1 Qc5 49. Rd7
Qb4 50. Rd4 Qb1+ 51. Kg2 Rc8 52. Rd7 Qa1 53. Qf4 Qc3 54. Qd4 Qc6+ 55. Kh2
Rg8 56. Rd6 Qc7 57. Qe5 1-0

[Event "6th EICC"]
[Site "Warsaw POL"]
[Date "2005.06.28"]
[Round "10"]
[White "Dautov,R"]
[Black "Evdokimov,Alexa"]
[Result "1-0"]
[WhiteElo "2609"]
[BlackElo "2503"]
[EventDate "2005.06.18"]

1. d4 Nf6 2. c4 c5 3. d5 g6 4. Nc3 Bg7 5. e4 O-O 6. Bd3 d6 7. Nf3 e6 8. O-O
exd5 9. exd5 Bg4 10. h3 Bxf3 11. Qxf3 Nbd7 12. Qd1 Nh5 13. g4 Bxc3 14. bxc3
Ng7 15. f4 f5 16. Rb1 Qc7 17. Rb2 Nf6 18. Rg2 Kh8 19. Bd2 Rae8 20. Kh2 Qd7
21. Qf3 Rf7 22. Be1 Qe7 23. Qd1 Qf8 24. Bh4 Rfe7 25. Qc2 Re3 26. gxf5 Rxd3
27. Qxd3 Nxf5 28. Bxf6+ Qxf6 29. Re2 Rxe2+ 30. Qxe2 Qxc3 31. Rf3 Qd4 32. h4
Qf6 33. Qf2 Nxh4 34. Rb3 b6 35. Ra3 Nf5 36. Rxa7 Qc3 37. Rb7 Ne3 38. Qf3
Qc2+ 39. Kh3 Nxc4 40. Qg4 Qc3+ 41. Kh4 Qf6+ 42. Qg5 Qf8 43. Kg3 Ne3 44. Rd7
Nf5+ 45. Kh2 Ng7 46. f5 Ne8 47. Qh4 Nf6 48. fxg6 Kg8 49. Rxh7 Ng4+ 50. Qxg4
Qf2+ 51. Qg2 Qf4+ 52. Qg3 Qd2+ 53. Qg2 Qf4+ 54. Kh3 Qf5+ 55. Qg4 Qf1+ 56.
Kh4 Qf6+ 57. Kg3 Qc3+ 58. Qf3 Qe5+ 59. Kh3 1-0

[Event "6th EICC"]
[Site "Warsaw POL"]
[Date "2005.06.28"]
[Round "10"]
[White "Haznedaroglu,K"]
[Black "Bagheri,A"]
[Result "0-1"]
[WhiteElo "2440"]
[BlackElo "2518"]
[EventDate "2005.06.18"]

1. e4 c6 2. d4 d5 3. Nc3 dxe4 4. Nxe4 Nd7 5. Ng5 Ngf6 6. Bc4 e6 7. Qe2 Nb6
8. Bb3 h6 9. N5f3 c5 10. Bf4 Nbd5 11. Be5 Qa5+ 12. Nd2 b5 13. dxc5 Bxc5 14.
a4 O-O 15. c3 b4 16. c4 Ne7 17. Bxf6 gxf6 18. Nh3 Bb7 19. Nf4 Bd4 20. Nd5
Ng6 21. O-O-O exd5 22. Qh5 Qc7 23. Rhe1 dxc4 24. Nxc4 Rad8 25. Kb1 Kg7 26.
g3 Bxf2 27. Rf1 Rxd1+ 28. Qxd1 Ba6 29. Qe2 Bxc4 30. Bxc4 Bd4 31. h4 Qe5 32.
Qc2 b3 33. Bxb3 Rb8 34. Rf3 Bxb2 35. h5 Bd4 36. Rd3 Qe1+ 37. Rd1 Qb4 38.
Ka2 Ne5 39. g4 Qc3 0-1

[Event "6th EICC"]
[Site "Warsaw POL"]
[Date "2005.06.28"]
[Round "10"]
[White "Abergel,T"]
[Black "Tazbir,M"]
[Result "1-0"]
[WhiteElo "2456"]
[BlackElo "2322"]
[EventDate "2005.06.18"]

1. e4 c5 2. Nc3 e6 3. Nf3 a6 4. d4 cxd4 5. Nxd4 d6 6. Qf3 Be7 7. Be3 Nf6 8.
g4 h5 9. gxh5 Nxh5 10. O-O-O Nd7 11. Qg2 g5 12. h4 Nf4 13. Bxf4 gxf4 14. h5
Ne5 15. h6 Ng6 16. Bc4 Nh4 17. Qg4 Rxh6 18. Qg8+ Bf8 19. Nf5 Nxf5 20. exf5
Rxh1 21. Rxh1 d5 22. Bxd5 Qe7 23. Re1 Bd7 24. fxe6 fxe6 25. Bxe6 O-O-O 26.
Nd5 Qd6 27. Bxd7+ Rxd7 28. Nb6+ Qxb6 29. Qxf8+ Rd8 30. Re8 1-0

[Event "6th EICC"]
[Site "Warsaw POL"]
[Date "2005.06.28"]
[Round "10"]
[White "Tzermiadianos,And"]
[Black "Guadalpi,D"]
[Result "1-0"]
[WhiteElo "2453"]
[BlackElo "2317"]
[EventDate "2005.06.18"]

1. e4 e5 2. Nf3 Nc6 3. Bb5 a6 4. Bxc6 dxc6 5. O-O Bg4 6. h3 h5 7. d3 Qf6 8.
Be3 Bxf3 9. Qxf3 Qxf3 10. gxf3 Bd6 11. Nd2 Ne7 12. Rfb1 Ng6 13. b4 f6 14.
Nc4 Kf7 15. Kf1 Rhd8 16. Ke2 Nf8 17. Na5 Rdb8 18. c3 Ne6 19. a4 g6 20. d4
f5 21. d5 cxd5 22. exd5 Ng7 23. c4 f4 24. Bd2 Nf5 25. Kd3 b6 26. Nc6 Re8
27. Bc3 Nh4 28. Ke4 g5 29. Rg1 Kf6 30. Rac1 Ng6 31. Bb2 Ne7 32. c5 bxc5 33.
bxc5 Nxc6 34. cxd6 Nd4 35. dxc7 1-0

[Event "6th EICC"]
[Site "Warsaw POL"]
[Date "2005.06.28"]
[Round "10"]
[White "Galazewski,T"]
[Black "Berescu,A"]
[Result "1/2-1/2"]
[WhiteElo "2137"]
[BlackElo "2439"]
[EventDate "2005.06.18"]

1. e4 e6 2. d4 d5 3. Nd2 Nf6 4. e5 Nfd7 5. f4 c5 6. c3 Nc6 7. Ndf3 cxd4 8.
cxd4 f5 9. Bd3 Nb6 10. Ne2 Bd7 11. O-O Be7 12. g4 O-O 13. gxf5 exf5 14. Kh1
a5 15. Rg1 Nb4 16. Bb1 a4 17. a3 Na6 18. Ba2 Nc7 19. Nc3 Bc6 20. Qe2 Qd7
21. Rg3 Qe6 22. Be3 Kh8 23. Rag1 Rf7 24. Qg2 Rg8 25. Qh3 g6 26. Qh6 Nc4 27.
Bc1 Be8 28. Bb1 Qc6 29. Qh3 Rfg7 30. Qg2 Bd7 31. h4 Nxa3 32. bxa3 Qxc3 33.
e6 Nxe6 34. Ne5 Qc8 35. h5 Bf6 36. h6 Re7 37. Bxf5 Nc5 38. Bxg6 Bxe5 39.
fxe5 hxg6 40. Rxg6 Rxg6 41. Qxg6 Ne4 42. Bg5 Qf8 43. Bxe7 Qf3+ 44. Rg2 Qh3+
45. Kg1 Qe3+ 46. Kh2 1/2-1/2

[Event "6th EICC"]
[Site "Warsaw POL"]
[Date "2005.06.28"]
[Round "10"]
[White "Erdogdu,M"]
[Black "Kuraszkiewicz,M"]
[Result "1/2-1/2"]
[WhiteElo "2414"]
[BlackElo "2300"]
[EventDate "2005.06.18"]

1. e4 e6 2. d4 d5 3. Nc3 Bb4 4. e5 c5 5. a3 Bxc3+ 6. bxc3 Qc7 7. Qg4 f5 8.
Qh5+ Qf7 9. Qd1 b6 10. a4 Ba6 11. Bb5+ Bxb5 12. axb5 a5 13. bxa6 Rxa6 14.
Rxa6 Nxa6 15. Ne2 Ne7 16. Qd3 c4 17. Qf3 O-O 18. Ba3 Ra8 19. O-O Nc7
1/2-1/2

[Event "6th EICC"]
[Site "Warsaw POL"]
[Date "2005.06.28"]
[Round "10"]
[White "Szoen,D"]
[Black "Murtez,H"]
[Result "1-0"]
[WhiteElo "2444"]
[BlackElo "2354"]
[EventDate "2005.06.18"]

1. e4 c5 2. Nf3 Nc6 3. d4 cxd4 4. Nxd4 g6 5. c4 Bg7 6. Be3 Nf6 7. Nc3 O-O
8. Be2 d6 9. O-O Bd7 10. Qd2 a6 11. Rfe1 Ng4 12. Nxc6 bxc6 13. Bg5 Be6 14.
h3 Ne5 15. b3 f6 16. Be3 c5 17. Nd5 Nc6 18. Rad1 Bf7 19. b4 cxb4 20. Nxb4
Nxb4 21. Qxb4 Qc7 22. Qa3 Qc6 23. c5 dxc5 24. Bxc5 Rfc8 25. Rc1 Bf8 26. Bg4
Re8 27. e5 f5 28. Bf3 Bd5 29. Bd6 Bxf3 30. Rxc6 Bxc6 31. Qb3+ Kg7 32. e6
Kg8 33. Be5 Rad8 34. Ba1 1-0

[Event "6th EICC"]
[Site "Warsaw POL"]
[Date "2005.06.28"]
[Round "10"]
[White "Krysztofiak,M"]
[Black "Kadziolka,B"]
[Result "1-0"]
[WhiteElo "2401"]
[BlackElo "2311"]
[EventDate "2005.06.18"]

1. d4 Nf6 2. Nf3 c5 3. d5 e6 4. Nc3 d6 5. e4 e5 6. Bb5+ Nbd7 7. a4 a6 8.
Be2 b6 9. O-O Be7 10. Nd2 Nf8 11. Nc4 Ng6 12. g3 Bh3 13. Re1 h5 14. Bf1
Bxf1 15. Rxf1 h4 16. Ne3 Kd7 17. Qf3 Kc7 18. Rb1 Qg8 19. b4 Qh7 20. g4 Nd7
21. Nc4 Nf4 22. Bxf4 exf4 23. bxc5 bxc5 24. e5 Qg6 25. Ne4 Bg5 26. Nexd6
Rhb8 27. Nxf7 Qxf7 28. e6 Qf6 29. d6+ Kd8 30. Qc6 Qxe6 31. Qc7+ Ke8 32.
Rbe1 1-0

[Event "6th EICC"]
[Site "Warsaw POL"]
[Date "2005.06.28"]
[Round "10"]
[White "Kachur,A"]
[Black "Marzolo,C"]
[Result "0-1"]
[WhiteElo "2281"]
[BlackElo "2388"]
[EventDate "2005.06.18"]

1. e4 e6 2. d4 c5 3. d5 exd5 4. exd5 d6 5. Nf3 Nf6 6. Bb5+ Bd7 7. a4 Be7 8.
O-O O-O 9. Nc3 Na6 10. h3 Nc7 11. Re1 Re8 12. Bf4 a6 13. Bf1 Bf8 14. a5
Rxe1 15. Nxe1 Qe8 16. Qd2 Rb8 17. Nf3 h6 18. b3 Bf5 19. Re1 Qd7 20. g4 Bh7
21. Bg3 Re8 22. Rxe8 Qxe8 23. Bd3 Ne4 24. Bxe4 Bxe4 25. Nh4 Bh7 26. f4 f5
27. Nxf5 Bxf5 28. gxf5 Qh5 29. Qd3 Qxh3 30. f6 Qg4 31. Ne4 g6 32. c4 Ne8
33. Qe3 Kf7 34. Kh2 Nxf6 35. Nxf6 Kxf6 36. Qe8 Kg7 37. Qd8 Qe2+ 38. Kh3 h5
39. Qd7+ Kh6 40. Bh4 Qe3+ 41. Bg3 Be7 42. Qe8 Kg7 43. Kg2 Qe2+ 44. Kh1 h4
45. Bxh4 Qf3+ 46. Kh2 Bxh4 0-1

[Event "6th EICC"]
[Site "Warsaw POL"]
[Date "2005.06.28"]
[Round "10"]
[White "Maier,C"]
[Black "Leniart,A"]
[Result "0-1"]
[WhiteElo "2387"]
[BlackElo "2279"]
[EventDate "2005.06.18"]

1. e4 e6 2. d4 d5 3. Nc3 Bb4 4. e5 Ne7 5. Nf3 c5 6. dxc5 Nbc6 7. Bd3 d4 8.
a3 Ba5 9. b4 Nxb4 10. axb4 Bxb4 11. O-O Bxc3 12. Rb1 h6 13. Nd2 Bxd2 14.
Bxd2 Bd7 15. Rxb7 Bc6 16. Rb4 a5 17. Rb6 Qd5 18. Qg4 Qxe5 19. Rfb1 h5 20.
Qg3 Qxg3 21. hxg3 Kd7 22. Rb7+ Bxb7 23. Rxb7+ Kd8 24. Bb5 Nd5 25. Rd7+ Kc8
26. Rxf7 Kb8 27. Ba4 Ra7 28. Rxa7 Kxa7 29. Bxa5 Rc8 30. c6 Ka6 31. Bd2 Nc3
32. Bb3 Rxc6 33. f3 Kb5 34. Bg5 Nd5 35. Bd2 Nb4 36. Bf4 Nxc2 37. Be5 d3 38.
Kf2 Kb4 39. Ba2 Ka3 40. Bb1 Rb6 0-1

[Event "6th EICC"]
[Site "Warsaw POL"]
[Date "2005.06.28"]
[Round "10"]
[White "Sliwinski,M"]
[Black "Asauskas,H"]
[Result "0-1"]
[WhiteElo "2186"]
[BlackElo "2357"]
[EventDate "2005.06.18"]

1. e4 c5 2. Nc3 Nc6 3. g3 g6 4. Bg2 Bg7 5. d3 d6 6. Be3 b6 7. f4 Bb7 8. Qd2
Nf6 9. h3 O-O 10. Nf3 d5 11. exd5 Nb4 12. O-O Nfxd5 13. Nxd5 Nxd5 14. c3
Qd6 15. Rad1 Rad8 16. Rfe1 Nxe3 17. Qxe3 e6 18. Ne5 Bxg2 19. Kxg2 Qd5+ 20.
Qe4 Qxa2 21. Nc4 b5 22. Ra1 Qb3 23. Ra3 Qc2+ 24. Re2 Qxd3 25. Ne5 Qxe4+ 26.
Rxe4 Rd2+ 27. Kf3 Rxb2 28. Rxa7 Rb3 29. Re3 Bxe5 30. fxe5 Rd8 31. Rc7 Rd5
32. h4 b4 33. cxb4 Rxe3+ 34. Kxe3 cxb4 35. Rb7 Rxe5+ 36. Kf4 Rf5+ 37. Ke4
Kg7 38. Rxb4 Kh6 39. Ke3 g5 40. Ra4 gxh4 41. Rxh4+ Kg6 42. Ra4 Kg5 43. Rb4
h5 44. Ra4 Kf6 45. Rb4 Kg7 46. Ra4 Kg6 47. Rb4 Rg5 48. Kf3 Rg4 49. Rb8 Ra4
50. Rh8 e5 51. Ke3 f6 52. Kf3 Ra3+ 53. Kf2 e4 54. Ke2 Rf3 55. Ke1 Kg5 56.
Rg8+ Kf5 57. Ke2 Ra3 58. Kf2 h4 59. gxh4 Kf4 60. Kg2 e3 61. h5 Ra2+ 62. Kg1
Ra1+ 0-1

[Event "6th EICC"]
[Site "Warsaw POL"]
[Date "2005.06.28"]
[Round "10"]
[White "Krasiewicz,R"]
[Black "Bente,B"]
[Result "0-1"]
[WhiteElo "2056"]
[BlackElo "2218"]
[EventDate "2005.06.18"]

1. d4 Nf6 2. c4 g6 3. Nc3 Bg7 4. e4 d6 5. f4 O-O 6. Nf3 c5 7. d5 e6 8. Be2
exd5 9. cxd5 Bg4 10. O-O Nbd7 11. Kh1 Re8 12. Qc2 Qe7 13. h3 Nxe4 14. Nxe4
Bf5 15. Nfd2 Bxe4 16. Nxe4 Qxe4 17. Qxe4 Rxe4 18. Bf3 Ree8 19. Rb1 f5 20.
b4 c4 21. b5 Nc5 22. Ba3 Ne4 23. Rfc1 Rac8 24. Rc2 Bh6 25. Bxe4 Rxe4 26.
Bxd6 Rd8 27. Be5 Bxf4 28. Bxf4 Rxf4 29. Rd1 Kf7 30. Rc3 b6 31. Ra3 Rd7 32.
Ra4 Ke7 33. d6+ Ke6 34. g3 Re4 35. Kg2 Ke5 36. Kf3 Rd4 37. Rc1 Kd5 38. Rc3
Kc5 39. Rca3 R7xd6 40. Rxa7 Rd3+ 41. Rxd3 cxd3 42. Rc7+ Kxb5 43. Rc1 d2 44.
Rd1 Kc4 0-1

[Event "6th EICC"]
[Site "Warsaw POL"]
[Date "2005.06.28"]
[Round "10"]
[White "Krzymowski,A"]
[Black "Szewczak,And"]
[Result "1/2-1/2"]
[WhiteElo "2034"]
[BlackElo "1995"]
[EventDate "2005.06.18"]

1. e4 e5 2. Nf3 Nc6 3. Bc4 d6 4. O-O Be6 5. Bxe6 fxe6 6. d4 exd4 7. Nxd4
Qd7 8. Nxc6 Qxc6 9. Qg4 Qd7 10. Nc3 O-O-O 11. Be3 a6 12. a4 d5 13. exd5
exd5 14. Qd4 c5 15. Qh4 d4 16. Rad1 Qf5 17. Bg5 Nf6 18. Bxf6 gxf6 19. Ne4
Be7 20. c3 Rhg8 21. Ng3 Qc2 22. cxd4 Rxd4 23. Rxd4 cxd4 24. Qxd4 Rd8 25.
Qe4 Qxe4 26. Nxe4 Rd4 27. Nc3 Bb4 28. Rc1 Bxc3 29. Rxc3+ Kd7 30. Kf1 Rxa4
31. Rh3 Rb4 32. b3 h5 33. Ke2 h4 34. Kd2 Rg4 35. g3 Rb4 36. Kc3 a5 37. gxh4
Ke6 38. h5 Kf7 39. h6 Kg8 40. h7+ Kh8 41. Rh5 b6 42. Rf5 Kxh7 43. Rxf6 Kg7
44. Rc6 Kf7 45. Rc4 Rb5 46. Rg4 Rf5 47. f4 Rc5+ 48. Kb2 Kf6 49. h4 Rb5 50.
Ka3 Rh5 51. Ka4 Rh6 52. Kb5 Kf5 53. Rg5+ Kxf4 54. Rd5 Ke4 55. Rd1 Rxh4 56.
Kxb6 Rh3 57. Rb1 Rh5 58. Ra1 Kd4 59. Rxa5 Rh6+ 60. Kb5 Kc3 61. b4 Kb3 62.
Kc5 Rh4 63. b5 Rh5+ 64. Kb6 Kb4 65. Ra1 Rxb5+ 66. Ka6 Rh5 1/2-1/2

[Event "6th EICC"]
[Site "Warsaw POL"]
[Date "2005.06.29"]
[Round "11"]
[White "Nisipeanu,LD"]
[Black "Asrian,K"]
[Result "1/2-1/2"]
[WhiteElo "2670"]
[BlackElo "2611"]
[EventDate "2005.06.18"]

1. e4 c6 2. d4 d5 3. e5 Bf5 4. c4 e6 5. Nc3 Ne7 6. a3 dxc4 7. Bxc4 Nd7 8.
Nge2 Nb6 9. Bb3 Bg6 10. h4 h6 11. Nf4 Bf5 12. Be3 Qd7 13. Rc1 Ned5 14.
Ncxd5 Nxd5 15. Nxd5 exd5 16. Bc2 Be7 17. Qf3 Bxc2 18. Rxc2 h5 19. Bg5 Qg4
20. Bxe7 Qxf3 21. gxf3 Kxe7 22. Rg1 Rhg8 23. Rc3 Ke6 24. f4 g6 25. Ke2 f6
26. Rf3 Kf5 27. Ke3 Rae8 28. Kd3 Re7 29. exf6 Kxf6 30. Re3 Rgg7 31. Rg5
Rgf7 32. Ree5 Kg7 33. Ke3 Kh6 34. b4 a6 35. a4 Kg7 36. Rg1 Kh7 37. a5 Kg7
38. Rgg5 Kh6 39. Rxe7 Rxe7+ 40. Re5 Rg7 41. f3 Rf7 42. f5 Kg7 43. fxg6 Kxg6
44. Rg5+ Kh6 45. f4 Rg7 46. Kf3 Rg6 47. Kf2 Rg7 48. Ke3 Rg6 49. Kd3 Rg7 50.
Kd2 Rg6 51. Ke2 Rg7 52. Kf2 Rg6 53. Kg3 Rg7 54. Kg2 Rg6 55. Kh3 Rg7 1/2-1/2

[Event "6th EICC"]
[Site "Warsaw POL"]
[Date "2005.06.29"]
[Round "11"]
[White "Fedorov,Alex"]
[Black "Dreev,A"]
[Result "1/2-1/2"]
[WhiteElo "2602"]
[BlackElo "2705"]
[EventDate "2005.06.18"]

1. e4 c6 2. d4 d5 3. Nc3 dxe4 4. Nxe4 Bf5 5. Ng3 Bg6 6. h4 h6 7. Nf3 Nd7 8.
h5 Bh7 9. Bd3 Bxd3 10. Qxd3 e6 11. Bf4 Ngf6 12. O-O-O 1/2-1/2

[Event "6th EICC"]
[Site "Warsaw POL"]
[Date "2005.06.29"]
[Round "11"]
[White "Tiviakov,S"]
[Black "Aronian,L"]
[Result "1/2-1/2"]
[WhiteElo "2631"]
[BlackElo "2693"]
[EventDate "2005.06.18"]

1. e4 e5 2. Nf3 Nc6 3. d4 exd4 4. Nxd4 Bb4+ 5. c3 Be7 6. Nxc6 bxc6 7. Bc4
Nf6 8. e5 Ne4 9. O-O O-O 10. Nd2 Nxd2 11. Bxd2 d6 1/2-1/2

[Event "6th EICC"]
[Site "Warsaw POL"]
[Date "2005.06.29"]
[Round "11"]
[White "Moiseenko,A"]
[Black "Iordachescu,V"]
[Result "1-0"]
[WhiteElo "2665"]
[BlackElo "2609"]
[EventDate "2005.06.18"]

1. d4 d5 2. c4 e6 3. Nc3 Be7 4. Nf3 Nf6 5. Bg5 O-O 6. e3 Nbd7 7. Qc2 c5 8.
cxd5 cxd4 9. Nxd4 Nxd5 10. Bxe7 Nxe7 11. Be2 Nf6 12. O-O Bd7 13. Rfd1 Qb6
14. Na4 Qa5 15. Qc5 Qxa4 16. b3 b6 17. Qxe7 Qa5 18. a4 Rfe8 19. Qa3 Qe5 20.
h3 Rad8 21. Rac1 a5 22. Nf3 Qb8 23. Qd6 Qa8 24. Qxb6 Rb8 25. Qc7 Rec8 26.
Qd6 Rxb3 27. Rxc8+ Qxc8 28. Bb5 Bxb5 29. axb5 h6 30. Nd4 Rc3 31. Nc6 Qb7
32. Qd4 Nd5 33. e4 Nf4 34. Qd8+ Kh7 35. Ne7 Rc8 36. Nxc8 Qxe4 37. f3 Qe3+
38. Kh2 f5 39. Ne7 1-0

[Event "6th EICC"]
[Site "Warsaw POL"]
[Date "2005.06.29"]
[Round "11"]
[White "Guseinov,G"]
[Black "Sakaev,K"]
[Result "1/2-1/2"]
[WhiteElo "2573"]
[BlackElo "2672"]
[EventDate "2005.06.18"]

1. e4 e6 2. Nc3 d5 3. d4 Bb4 4. Nge2 dxe4 5. a3 Be7 6. Nxe4 Nf6 7. Nxf6+
Bxf6 8. Be3 O-O 9. Qd2 b6 10. g4 Bb7 11. Rg1 Nd7 12. g5 Be7 13. O-O-O c5
14. Bg2 Bxg2 15. Rxg2 cxd4 16. Qxd4 Nc5 17. Qxd8 Rfxd8 18. Nc3 Rxd1+ 19.
Kxd1 a6 20. Rg4 Rc8 21. Na4 b5 22. Nxc5 Bxc5 23. Bxc5 Rxc5 24. a4 Kf8 25.
axb5 axb5 26. Kd2 Ke7 27. b4 Rd5+ 28. Ke3 Re5+ 29. Kd3 Rf5 30. Ke3 Re5+
1/2-1/2

[Event "6th EICC"]
[Site "Warsaw POL"]
[Date "2005.06.29"]
[Round "11"]
[White "Timofeev,Arty"]
[Black "Wojtaszek,R"]
[Result "1-0"]
[WhiteElo "2622"]
[BlackElo "2569"]
[EventDate "2005.06.18"]

1. e4 c5 2. Nf3 d6 3. d4 cxd4 4. Nxd4 Nf6 5. Nc3 a6 6. Be2 e5 7. Nb3 Be7 8.
O-O O-O 9. Kh1 Qc7 10. g4 Be6 11. g5 Nfd7 12. Bg4 Re8 13. a4 Bf8 14. Be3
Nb6 15. Nd2 N8d7 16. a5 Nc4 17. Nxc4 Qxc4 18. Ra4 Qc6 19. Rb4 b5 20. axb6
a5 21. Rb5 Rab8 22. Bxe6 fxe6 23. Rxa5 Nxb6 24. Ra6 Qc7 25. Nb5 Qb7 26.
Rxb6 Qxe4+ 27. Kg1 Rxb6 28. Bxb6 Rb8 29. Nc3 Qc4 30. Be3 Rxb2 31. Ne2 Rxc2
32. Ng3 d5 33. Qb1 Bb4 34. Rc1 Rxc1+ 35. Qxc1 Qxc1+ 36. Bxc1 e4 37. h4 Kf7
38. Bf4 Bc3 39. Ne2 Bb2 40. Kg2 Kg6 41. Ng3 Kf7 42. Bd2 Ba3 43. Be3 Bd6 44.
Kh3 g6 45. Ne2 e5 46. Ng3 Ke6 47. Ba7 Bb4 48. Kg4 Be1 49. h5 Bc3 50. h6 Be1
51. Kh3 Bd2 52. Be3 Ba5 53. Bc1 Bb6 54. Kg2 Ba5 55. Kf1 Bb6 56. Ke2 Ba5 57.
Bd2 Bb6 58. Ke1 Bc5 59. Be3 Bb4+ 60. Kd1 Ba5 61. Kc2 Bb4 62. Kd1 Ba5 63.
Ke2 Bb4 64. Bd2 Bc5 65. Bc1 Bb4 66. Nf1 Be7 67. Ng3 Bc5 68. Be3 Bb4 69. Bd2
Bc5 70. Bc1 Bb4 71. f3 exf3+ 72. Kxf3 Be1 73. Nf1 Bb4 74. Kg4 Be7 75. Bb2
d4 76. Nd2 Kd5 77. Nf3 Bc5 78. Nh4 d3 79. Bc1 e4 80. Kf4 Bd6+ 81. Ke3 Bg3
82. Ng2 Ke5 83. Bb2+ Kf5 84. Bf6 Bd6 85. Nh4+ Kg4 86. Nxg6 hxg6 87. h7 Bf4+
88. Kf2 1-0

[Event "6th EICC"]
[Site "Warsaw POL"]
[Date "2005.06.29"]
[Round "11"]
[White "Cheparinov,I"]
[Black "Nyback,T"]
[Result "1-0"]
[WhiteElo "2621"]
[BlackElo "2551"]
[EventDate "2005.06.18"]

1. e4 d6 2. d4 Nf6 3. Nc3 g6 4. Be3 c6 5. h3 Nbd7 6. Nf3 e5 7. a4 Qc7 8.
Be2 Bg7 9. dxe5 dxe5 10. Nd2 O-O 11. Nc4 Rd8 12. Qd6 Qxd6 13. Nxd6 Bf8 14.
O-O-O Nb6 15. Nxc8 Rxd1+ 16. Rxd1 Rxc8 17. g4 Bb4 18. Na2 Be7 19. a5 Na4
20. f3 a6 21. Bc4 Nc5 22. g5 Ne8 23. Nc3 Rc7 24. h4 Rd7 25. Rxd7 Nxd7 26.
Na4 Bb4 27. Bd2 Bxd2+ 28. Kxd2 Nd6 29. Bf1 Kf8 30. Bh3 Ke7 31. b3 Nb5 32.
Bxd7 Kxd7 33. Nc5+ Ke7 34. Nxb7 Nd4 35. Nc5 Nxf3+ 36. Ke3 Nxh4 37. Nxa6
Ng2+ 38. Kf2 Nf4 39. Nc5 1-0

[Event "6th EICC"]
[Site "Warsaw POL"]
[Date "2005.06.29"]
[Round "11"]
[White "Efimenko,Z"]
[Black "Gritsak,O"]
[Result "1/2-1/2"]
[WhiteElo "2620"]
[BlackElo "2537"]
[EventDate "2005.06.18"]

1. e4 c5 2. Nf3 Nc6 3. d4 cxd4 4. Nxd4 Nf6 5. Nc3 d6 6. Bg5 Qb6 7. Nb3 e6
8. Bd3 Be7 9. O-O Bd7 10. Qe2 Nb4 11. Kh1 Nxd3 12. cxd3 a5 13. Be3 Qa6 14.
a4 O-O 15. Nd4 Ne8 16. Ndb5 f5 17. f3 Rc8 18. Rac1 Bd8 19. Qd1 Bb6 20. d4
Rc4 21. b3 Rc8 22. Qd2 Bd8 23. Bf4 Be7 24. Rfe1 fxe4 25. fxe4 Qb6 26. Bg5
Qd8 27. Bxe7 Qxe7 28. h3 Nf6 29. e5 dxe5 30. dxe5 Nh5 31. Nd6 Rcd8 32. Nce4
Bc6 33. Kh2 Nf4 34. Qe3 Qh4 35. Rf1 Ng6 36. Ng5 Bd5 37. Ngf7 Rd7 38. Ng5
Rdd8 39. Ngf7 Rd7 40. Ng5 Rdd8 1/2-1/2

[Event "6th EICC"]
[Site "Warsaw POL"]
[Date "2005.06.29"]
[Round "11"]
[White "Izoria,Z"]
[Black "Brkic,A"]
[Result "1-0"]
[WhiteElo "2602"]
[BlackElo "2477"]
[EventDate "2005.06.18"]

1. d4 Nf6 2. c4 g6 3. Nc3 d5 4. Bg5 Ne4 5. Bh4 Nxc3 6. bxc3 Bg7 7. e3 c5 8.
cxd5 Qxd5 9. Nf3 cxd4 10. cxd4 Nc6 11. Be2 O-O 12. O-O Bf5 13. Nd2 Qd7 14.
Bf3 Na5 15. Qc1 Rae8 16. Qa3 b6 17. Rac1 e5 18. e4 Qxd4 19. Nb3 Nxb3 20.
axb3 Bxe4 21. Rc4 Qd2 22. Rxe4 f5 23. Re2 Qd4 24. Be7 Rf7 25. Bg5 e4 26.
Rd2 Qe5 27. Be2 f4 28. Bc4 Qxg5 29. Rd7 f3 30. g3 Qg4 31. Rxf7 Kh8 32. Re1
1-0

[Event "6th EICC"]
[Site "Warsaw POL"]
[Date "2005.06.29"]
[Round "11"]
[White "Andreikin,D"]
[Black "Stocek,J"]
[Result "0-1"]
[WhiteElo "2495"]
[BlackElo "2585"]
[EventDate "2005.06.18"]

1. d4 Nf6 2. Nf3 e6 3. c4 Bb4+ 4. Bd2 a5 5. e3 b6 6. Bd3 O-O 7. Nc3 Ba6 8.
O-O d5 9. Qe2 Nbd7 10. Rfd1 Rc8 11. a3 Bxc3 12. Bxc3 c5 13. Rac1 cxd4 14.
Bxd4 Qc7 15. Bxf6 Nxf6 16. b3 Rfd8 17. Qb2 dxc4 18. Bxc4 Bxc4 19. bxc4 Qxc4
20. Qxb6 Rxd1+ 21. Rxd1 Qd3 22. Qb1 Qxa3 23. h3 h6 24. Nd4 Qb4 25. Qa2 a4
26. Rb1 Qc4 27. Qxc4 Rxc4 28. Rb8+ Kh7 29. Ra8 Ne4 30. f3 Nd6 31. Ra6 Nf5
32. Nxf5 exf5 33. Kh2 h5 34. f4 g6 35. h4 Kg7 36. Kg3 Kf8 37. Ra7 Ke8 38.
Kf3 Rb4 39. Kg3 Kf8 40. Kf3 Kg7 41. Ra6 Rc4 42. Kf2 Rc2+ 43. Kf3 Ra2 44.
Rb6 a3 45. Rb3 Kf6 46. Rd3 Ke6 47. Kg3 Ra1 48. Kf2 f6 49. Kg3 a2 50. Ra3 g5
51. fxg5 fxg5 52. hxg5 h4+ 53. Kh2 Kf7 54. Ra6 Kg7 55. Ra7+ Kg6 56. Ra5 Kh5
57. Ra4 Kxg5 58. Ra6 Kh5 59. Ra5 Kg6 60. Ra6+ Kf7 61. Ra4 Kf6 62. Ra5 Ke6
63. Ra6+ Kd5 64. Ra4 Kc5 65. Ra8 Kc4 66. Ra3 Kb4 67. Ra8 Kc3 68. Ra7 Kd3
69. Ra3+ Ke2 70. Ra7 Kxe3 71. Ra3+ Kd4 72. Ra4+ Kc5 73. Ra5+ Kb6 74. Ra4 f4
75. Ra3 Kb5 76. Ra8 h3 77. Ra7 hxg2 78. Kxg2 f3+ 79. Kf2 Rh1 0-1

[Event "6th EICC"]
[Site "Warsaw POL"]
[Date "2005.06.29"]
[Round "11"]
[White "Markus,R"]
[Black "Galego,L"]
[Result "1/2-1/2"]
[WhiteElo "2584"]
[BlackElo "2493"]
[EventDate "2005.06.18"]

1. d4 Nf6 2. c4 e6 3. Nf3 b6 4. Bf4 Bb7 5. e3 c5 6. d5 exd5 7. Nc3 a6 8.
cxd5 d6 9. a4 Be7 10. h3 O-O 11. Bc4 b5 12. axb5 axb5 13. Rxa8 Bxa8 14.
Nxb5 Qa5+ 15. Nc3 Nbd7 16. O-O Nb6 17. Ba2 c4 18. Bg5 h6 19. Bh4 Re8 20.
Qd4 Nfxd5 21. Bxe7 Rxe7 22. Nd2 Nxc3 23. bxc3 d5 24. Bb1 Na4 25. Rc1 Qc5
26. Bc2 Qxd4 27. cxd4 Nc3 28. Bd1 Nxd1 29. Rxd1 c3 30. Nf3 Ra7 31. Ne5 f6
32. Nd3 Ra3 33. Rc1 Rb3 34. Nf4 Bc6 35. Ne2 Bb5 36. Nxc3 Bc4 37. Na4 h5 38.
Nc5 Rb2 39. h4 Kf7 40. Ra1 g5 41. hxg5 fxg5 42. Ra7+ Kg6 43. Rb7 Ra2 44.
Rb6+ Kf5 45. Nd7 g4 46. Ne5 h4 47. Kh2 Bf1 48. Kg1 Bc4 49. Rg6 Be2 50. Rg8
Ra1+ 51. Kh2 Rf1 52. Rf8+ Kg5 53. f4+ gxf3 54. gxf3 Re1 55. f4+ Kh6 56.
Rh8+ Kg7 57. Rxh4 Bd1 58. Rh3 Kf6 59. Nd3 Re2+ 60. Kg1 Bc2 61. Nf2 Bf5 62.
Rh6+ Kg7 63. Rh5 Kf6 64. Rh6+ Kg7 65. Rd6 Be4 66. Rd7+ Kg6 67. Rd6+ Kf5 68.
Rd8 Rxe3 69. Rf8+ Ke6 70. Kf1 Ra3 71. Re8+ Kf5 72. Rf8+ Ke6 73. Nxe4 dxe4
74. Ke2 Rd3 75. Re8+ Kf5 76. Rf8+ 1/2-1/2

[Event "6th EICC"]
[Site "Warsaw POL"]
[Date "2005.06.29"]
[Round "11"]
[White "Nielsen,PH"]
[Black "Halkias,S"]
[Result "1/2-1/2"]
[WhiteElo "2653"]
[BlackElo "2549"]
[EventDate "2005.06.18"]

1. Nf3 d5 2. d4 e6 3. c4 Nf6 4. g3 dxc4 5. Bg2 a6 6. O-O Nc6 7. Nc3 Rb8 8.
e4 Be7 9. Qe2 b5 10. Rd1 Nb4 11. d5 exd5 12. e5 O-O 13. exf6 Bxf6 14. Bf4
Bb7 15. Ne4 Re8 16. Nxf6+ Qxf6 17. Be5 Qe7 18. Qf1 Nd3 19. Rxd3 cxd3 20.
Qxd3 Rbd8 21. Re1 d4 22. Bf4 Qb4 23. Bd2 Qxb2 24. Ng5 Rxe1+ 25. Bxe1 Qc1
26. Qxh7+ Kf8 27. Bxb7 Qxe1+ 28. Kg2 d3 29. Qh8+ Ke7 30. Qxg7 d2 31. Qxf7+
Kd6 32. Qf6+ Kc5 33. Qc3+ Kb6 34. Qc6+ Ka5 35. Nf3 Qc1 36. Qxa6+ Kb4 37.
Nxd2 Rxd2 38. Qf6 c5 39. h4 Rxa2 40. h5 Ra7 41. Be4 Ra1 42. Kh3 Qf1+ 43.
Kg4 Ra2 44. f3 Rh2 45. Kg5 c4 46. g4 Qf2 47. Kg6 c3 48. Qd6+ Ka4 49. Qa6+
Kb4 50. Qd6+ Ka4 51. Qa6+ Kb4 52. Qd6+ Ka4 1/2-1/2

[Event "6th EICC"]
[Site "Warsaw POL"]
[Date "2005.06.29"]
[Round "11"]
[White "Graf,A"]
[Black "Shomoev,A"]
[Result "1-0"]
[WhiteElo "2632"]
[BlackElo "2540"]
[EventDate "2005.06.18"]

1. d4 Nf6 2. c4 g6 3. g3 c5 4. Nf3 Bg7 5. Bg2 cxd4 6. Nxd4 d5 7. O-O O-O 8.
cxd5 Nxd5 9. Nb3 e6 10. Nc3 Nxc3 11. bxc3 Qc7 12. Rb1 e5 13. Nd2 Nc6 14.
Qa4 Rb8 15. Ne4 Bf5 16. Be3 b6 17. Rbd1 Bxe4 18. Bxe4 Rbc8 19. Bxc6 Qxc6
20. Qxa7 b5 21. Rb1 Rc7 22. Qa5 Ra8 23. Qxb5 Rxa2 24. Qxc6 Rxc6 25. Rb8+
1-0